000
00286nam a22001217a 4500
008
181218b xxu||||| |||| 00| 0 eng d
041
_a
eng
080
_a
616.073
100
_a
6
101
_a
GJEN
245
_a
Heredity. An Introduction to Genetics
_c
Winchester, A.M
942
_2
udc
_c
BK
999
_c
53387
_d
53387